[Event "19. Obert Int. Sant Marti 2017"]
[Site "Barcelona ESP"]
[Date "2017.07.13"]
[Round "1.1"]
[White "Peralta, Fernando"]
[Black "Gardela Batlle, Jordi"]
[Result "1-0"]
[WhiteElo "2564"]
[BlackElo "2151"]
[PlyCount "97"]
[EventDate "2017.07.13"]
[EventType "swiss"]
[EventRounds "9"]
[EventCountry "ESP"]
[SourceTitle "Ajedrez en Madrid"]
[Source "lmi"]
[SourceDate "2017.07.13"]
[SourceVersion "1"]
[SourceVersionDate "2019.06.21"]
[SourceQuality "1"]

1. d4 d5 2. c4 e6 3. Nf3 c6 4. e3 Nf6 5. b3 Bb4+ 6. Nbd2 Ne4 7. Bd3 f5 8. O-O
Nd7 9. Qc2 O-O 10. Bb2 Qf6 11. Rad1 Qh6 12. Nb1 Ndf6 13. Ne5 Bd7 14. Ba3 Bxa3
15. Nxa3 Rac8 16. b4 Be8 17. Qc1 Bh5 18. f3 Nd6 19. Qd2 Nf7 20. Rc1 Kh8 21.
Nxf7+ Bxf7 22. cxd5 cxd5 23. Nb5 Bg6 24. f4 a6 25. Nd6 Rb8 26. Rc7 Ne8 27. Nxe8
Bxe8 28. Qc2 Qf6 29. Rc5 Qe7 30. Rc1 Qd6 31. h3 Bd7 32. a4 g6 33. b5 axb5 34.
Bxb5 b6 35. Rc7 Rfd8 36. Bxd7 Rxd7 37. Rc6 Qe7 38. Qb3 Rdb7 39. Kh2 h6 40. R1c3
g5 41. fxg5 hxg5 42. Qd1 g4 43. e4 dxe4 44. hxg4 fxg4 45. Qxg4 Qe8 46. Rh3+ Rh7
47. Rxh7+ Kxh7 48. Rc3 Qg6 49. Rc7+ 1-0

[Event "19. Obert Int. Sant Marti 2017"]
[Site "Barcelona ESP"]
[Date "2017.07.13"]
[Round "1.2"]
[White "Blasco Coll, Andreu"]
[Black "Grigoryan, Karen H."]
[Result "0-1"]
[WhiteElo "2144"]
[BlackElo "2555"]
[PlyCount "76"]
[EventDate "2017.07.13"]
[EventType "swiss"]
[EventRounds "9"]
[EventCountry "ESP"]
[SourceTitle "Ajedrez en Madrid"]
[Source "lmi"]
[SourceDate "2017.07.13"]
[SourceVersion "1"]
[SourceVersionDate "2019.06.21"]
[SourceQuality "1"]

1. d4 d6 2. e4 g6 3. c4 Bg7 4. Nc3 Nf6 5. f3 O-O 6. Be3 b6 7. Nge2 c5 8. d5 e6
9. Ng3 exd5 10. cxd5 h5 11. Be2 a6 12. a4 Nh7 13. O-O h4 14. Nh1 f5 15. Qd2 Ra7
16. Nf2 Re7 17. Rab1 Nd7 18. Bh6 Bxh6 19. Qxh6 Rg7 20. Qd2 f4 21. b4 Ne5 22.
bxc5 bxc5 23. Rb8 Qc7 24. Rfb1 h3 25. Nxh3 Bxh3 26. Rxf8+ Nxf8 27. gxh3 g5 28.
Kh1 Qc8 29. Qd1 Qxh3 30. Qf1 Rh7 31. Qxh3 Rxh3 32. Kg2 g4 33. Nd1 gxf3+ 34.
Kxh3 fxe2 35. Nf2 c4 36. Kg2 Nfg6 37. Re1 Nh4+ 38. Kh3 Nhf3 0-1

[Event "19. Obert Int. Sant Marti 2017"]
[Site "Barcelona ESP"]
[Date "2017.07.13"]
[Round "1.3"]
[White "Henriquez Villagra, Cristobal"]
[Black "Perez Pastora, Evarist"]
[Result "1-0"]
[WhiteElo "2532"]
[BlackElo "2142"]
[PlyCount "33"]
[EventDate "2017.07.13"]
[EventType "swiss"]
[EventRounds "9"]
[EventCountry "ESP"]
[SourceTitle "Ajedrez en Madrid"]
[Source "lmi"]
[SourceDate "2017.07.13"]
[SourceVersion "1"]
[SourceVersionDate "2019.06.21"]
[SourceQuality "1"]

1. d4 Nf6 2. c4 g6 3. g3 Bg7 4. Bg2 O-O 5. Nc3 d6 6. Nf3 Nc6 7. O-O a6 8. Bf4
Bf5 9. Rc1 Qd7 10. d5 Nd8 11. Qd2 Ne4 12. Nxe4 Bxe4 13. Rfd1 c5 14. dxc6 Qxc6
15. Bh6 Ne6 16. Bxg7 Kxg7 17. Nd4 1-0

[Event "19. Obert Int. Sant Marti 2017"]
[Site "Barcelona ESP"]
[Date "2017.07.13"]
[Round "1.4"]
[White "Valls Marti, Artur"]
[Black "Narciso Dublan, Marc"]
[Result "1/2-1/2"]
[WhiteElo "2140"]
[BlackElo "2516"]
[PlyCount "86"]
[EventDate "2017.07.13"]
[EventType "swiss"]
[EventRounds "9"]
[EventCountry "ESP"]
[SourceTitle "Ajedrez en Madrid"]
[Source "lmi"]
[SourceDate "2017.07.13"]
[SourceVersion "1"]
[SourceVersionDate "2019.06.21"]
[SourceQuality "1"]

1. e4 c6 2. d4 d5 3. Nc3 dxe4 4. Nxe4 Bf5 5. Ng3 Bg6 6. Nh3 e6 7. Nf4 Bd6 8.
Ngh5 Nf6 9. Nxg7+ Ke7 10. g4 Bxf4 11. Bxf4 Rg8 12. Nh5 Bxh5 13. gxh5 Qd5 14. f3
Qxh5 15. Be3 Nbd7 16. Qe2 b5 17. O-O-O Nd5 18. Bd2 N7b6 19. f4 Qxe2 20. Bxe2 f5
21. b3 Rg2 22. Bf3 Rf2 23. Rdf1 Rxf1+ 24. Rxf1 Rg8 25. Kb2 Rg6 26. Rf2 Rh6 27.
Ba5 Kd6 28. Bd2 Rh3 29. Be2 Ne3 30. Bb4+ Kd7 31. Bc5 Ng4 32. Bxg4 fxg4 33. f5
exf5 34. Rxf5 Rxh2 35. Rf7+ Ke6 36. Rxa7 Nd5 37. Rg7 h5 38. a4 bxa4 39. bxa4
Kf6 40. Rg8 Kf7 41. Rg5 Kf6 42. Rg8 Kf7 43. Rg5 Kf6 1/2-1/2

[Event "19. Obert Int. Sant Marti 2017"]
[Site "Barcelona ESP"]
[Date "2017.07.13"]
[Round "1.5"]
[White "Arizmendi Martinez, Julen Luis"]
[Black "Xu, Zhihang"]
[Result "1/2-1/2"]
[WhiteElo "2511"]
[BlackElo "2140"]
[PlyCount "79"]
[EventDate "2017.07.13"]
[EventType "swiss"]
[EventRounds "9"]
[EventCountry "ESP"]
[SourceTitle "Ajedrez en Madrid"]
[Source "lmi"]
[SourceDate "2017.07.13"]
[SourceVersion "1"]
[SourceVersionDate "2019.06.21"]
[SourceQuality "1"]

1. e4 c5 2. Nf3 Nc6 3. d4 cxd4 4. Nxd4 g6 5. c4 Nf6 6. Nc3 Nxd4 7. Qxd4 d6 8.
Be3 Bg7 9. Be2 O-O 10. Qd2 a5 11. Rd1 Be6 12. f3 a4 13. Nb5 Qa5 14. Nd4 Rfc8
15. Nxe6 fxe6 16. O-O Nd7 17. Qc1 Qb4 18. Rd2 a3 19. b3 Nc5 20. Bxc5 Qxc5+ 21.
Kh1 Bh6 22. f4 Qe3 23. Bg4 Bxf4 24. Bxe6+ Kg7 25. Bxc8 Rxc8 26. Qa1+ Be5 27.
Qd1 Qxe4 28. Re2 Qh4 29. g3 Bxg3 30. Qd5 Rf8 31. Rxf8 Kxf8 32. Qf3+ Bf4 33. b4
b6 34. Qxa3 Bxh2 35. Rxh2 Qe1+ 36. Kg2 Qe2+ 37. Kg3 Qe5+ 38. Kh3 Qh5+ 39. Kg2
Qe2+ 40. Kg1 1/2-1/2

[Event "19. Obert Int. Sant Marti 2017"]
[Site "Barcelona ESP"]
[Date "2017.07.13"]
[Round "1.6"]
[White "Abhilash, Reddy M.L."]
[Black "Asis Gargatagli, Hipolito"]
[Result "0-1"]
[WhiteElo "2133"]
[BlackElo "2505"]
[PlyCount "94"]
[EventDate "2017.07.13"]
[EventType "swiss"]
[EventRounds "9"]
[EventCountry "ESP"]
[SourceTitle "Ajedrez en Madrid"]
[Source "lmi"]
[SourceDate "2017.07.13"]
[SourceVersion "1"]
[SourceVersionDate "2019.06.21"]
[SourceQuality "1"]

1. d4 e6 2. Nf3 Nf6 3. c4 c5 4. Nc3 cxd4 5. Nxd4 Nc6 6. e3 Bb4 7. Bd2 O-O 8.
Nc2 Bc5 9. Be2 d5 10. O-O a6 11. cxd5 exd5 12. Na4 Bd6 13. Nd4 Re8 14. Bf3 Ne5
15. h3 Bc7 16. Bb4 Ne4 17. Be2 Qg5 18. f4 Qg3 19. Bf3 Nc4 20. Be1 Qg6 21. Bh5
Qf6 22. Nc2 Be6 23. b3 Ncd6 24. Nd4 Bd7 25. Rc1 Rac8 26. Bg4 Bxg4 27. Qxg4 Qg6
28. Bb4 Qxg4 29. hxg4 b5 30. Nc5 a5 31. Nxe4 Nxe4 32. Nxb5 Bb6 33. Rxc8 Rxc8
34. Nd6 Rc2 35. Nxe4 dxe4 36. Bd6 Bxe3+ 37. Kh2 Bf2 38. f5 Rxa2 39. Bg3 Bb6 40.
Rc1 h6 41. Rc4 e3 42. Rc6 Bd4 43. Rc4 Rd2 44. Bf4 Rd3 45. Rc8+ Kh7 46. Rd8 e2
47. Re8 Re3 0-1

[Event "19. Obert Int. Sant Marti 2017"]
[Site "Barcelona ESP"]
[Date "2017.07.13"]
[Round "1.7"]
[White "Burmakin, Vladimir"]
[Black "Asensio Linan, Teodoro"]
[Result "1-0"]
[WhiteElo "2505"]
[BlackElo "2126"]
[PlyCount "49"]
[EventDate "2017.07.13"]
[EventType "swiss"]
[EventRounds "9"]
[EventCountry "ESP"]
[SourceTitle "Ajedrez en Madrid"]
[Source "lmi"]
[SourceDate "2017.07.13"]
[SourceVersion "1"]
[SourceVersionDate "2019.06.21"]
[SourceQuality "1"]

1. Nf3 Nf6 2. g3 d5 3. c4 e6 4. Bg2 Be7 5. O-O O-O 6. d4 dxc4 7. Qc2 a6 8. a4
Bd7 9. Bg5 Nc6 10. Qxc4 Rb8 11. Nbd2 b5 12. axb5 axb5 13. Qc1 h6 14. Be3 Ng4
15. Nb3 Nb4 16. Bd2 Nd5 17. e4 Nb6 18. e5 c5 19. h3 f5 20. Nxc5 Rc8 21. hxg4
fxg4 22. Nh2 h5 23. Ba5 Be8 24. Qd1 Rc6 25. Qb3 1-0

[Event "19. Obert Int. Sant Marti 2017"]
[Site "Barcelona ESP"]
[Date "2017.07.13"]
[Round "1.8"]
[White "Vignesh, B."]
[Black "Cuartas, Jaime Alexander"]
[Result "0-1"]
[WhiteElo "2124"]
[BlackElo "2501"]
[PlyCount "64"]
[EventDate "2017.07.13"]
[EventType "swiss"]
[EventRounds "9"]
[EventCountry "ESP"]
[SourceTitle "Ajedrez en Madrid"]
[Source "lmi"]
[SourceDate "2017.07.13"]
[SourceVersion "1"]
[SourceVersionDate "2019.06.21"]
[SourceQuality "1"]

1. e4 c5 2. Nf3 Nc6 3. Bb5 g6 4. Bxc6 dxc6 5. h3 e5 6. d3 f6 7. Be3 Nh6 8. Nbd2
Nf7 9. a4 a5 10. Nb3 b6 11. Nh2 f5 12. exf5 gxf5 13. Qf3 Qd5 14. O-O-O Qxf3 15.
Nxf3 Be6 16. Nbd2 f4 17. Bxf4 exf4 18. Rhe1 Kd7 19. d4 c4 20. Re4 Rg8 21. Rxf4
Rxg2 22. Kb1 Bh6 23. Rh4 Bxd2 24. Nxd2 Rag8 25. Rxh7 Rxf2 26. d5 cxd5 27. Nxc4
Kc6 28. Na3 Nd6 29. Rh6 Bf5 30. Ka2 Rg6 31. Rh5 Rgg2 32. Rc1 Bxc2 0-1

[Event "19. Obert Int. Sant Marti 2017"]
[Site "Barcelona ESP"]
[Date "2017.07.13"]
[Round "1.9"]
[White "Himanshu, Sharma"]
[Black "Perez Garcia, Adria"]
[Result "1-0"]
[WhiteElo "2498"]
[BlackElo "2123"]
[PlyCount "67"]
[EventDate "2017.07.13"]
[EventType "swiss"]
[EventRounds "9"]
[EventCountry "ESP"]
[SourceTitle "Ajedrez en Madrid"]
[Source "lmi"]
[SourceDate "2017.07.13"]
[SourceVersion "1"]
[SourceVersionDate "2019.06.21"]
[SourceQuality "1"]

1. e4 c6 2. d4 d5 3. e5 Bf5 4. Nf3 e6 5. Be2 Nd7 6. O-O h6 7. b3 Ne7 8. c4 Ng6
9. Na3 Bb4 10. Bd3 Be4 11. Nc2 Bc3 12. Rb1 O-O 13. Qe2 f5 14. Qe3 c5 15. Bxe4
fxe4 16. Qxc3 exf3 17. g3 Rc8 18. Re1 Qb6 19. Qd3 Ne7 20. cxd5 exd5 21. e6 Nf6
22. dxc5 Qxc5 23. Nd4 Ne4 24. Be3 Qd6 25. Rbc1 Nc6 26. Bf4 Qe7 27. Nxf3 Qxe6
28. Nd4 Qf6 29. Nxc6 bxc6 30. f3 Ng5 31. Kg2 Nxf3 32. Qxf3 g5 33. Qg4 Qb2+ 34.
Re2 1-0

[Event "19. Obert Int. Sant Marti 2017"]
[Site "Barcelona ESP"]
[Date "2017.07.13"]
[Round "1.10"]
[White "Meertens, Martin"]
[Black "Oliva Castaneda, Kevel"]
[Result "1/2-1/2"]
[WhiteElo "2123"]
[BlackElo "2497"]
[PlyCount "72"]
[EventDate "2017.07.13"]
[EventType "swiss"]
[EventRounds "9"]
[EventCountry "ESP"]
[SourceTitle "Ajedrez en Madrid"]
[Source "lmi"]
[SourceDate "2017.07.13"]
[SourceVersion "1"]
[SourceVersionDate "2019.06.21"]
[SourceQuality "1"]

1. e4 c5 2. Nf3 e6 3. d4 cxd4 4. Nxd4 Nc6 5. Nxc6 bxc6 6. Bd3 d5 7. O-O Nf6 8.
e5 Nd7 9. f4 Ba6 10. Qe2 Bxd3 11. cxd3 g6 12. Nc3 Be7 13. Kh1 Rb8 14. b3 Nc5
15. Ba3 Qa5 16. Bxc5 Bxc5 17. Rac1 Bd4 18. Qc2 O-O 19. Ne2 Be3 20. Rcd1 Rfc8
21. Rf3 Bc5 22. g4 Be7 23. f5 c5 24. Nf4 Qa6 25. Rdf1 Qc6 26. Qd2 Bg5 27. h4
Bxf4 28. Qxf4 Rb4 29. Qh6 exf5 30. gxf5 gxf5 31. Rg1+ Rg4 32. Rxg4+ fxg4 33.
Rf6 Qd7 34. Qg5+ Kh8 35. Rd6 Qb7 36. Qf6+ Kg8 1/2-1/2

[Event "19. Obert Int. Sant Marti 2017"]
[Site "Barcelona ESP"]
[Date "2017.07.13"]
[Round "1.11"]
[White "Rios, Cristhian Camilo"]
[Black "Garcia Gil, Javier"]
[Result "1-0"]
[WhiteElo "2477"]
[BlackElo "2116"]
[PlyCount "69"]
[EventDate "2017.07.13"]
[EventType "swiss"]
[EventRounds "9"]
[EventCountry "ESP"]
[SourceTitle "Ajedrez en Madrid"]
[Source "lmi"]
[SourceDate "2017.07.13"]
[SourceVersion "1"]
[SourceVersionDate "2019.06.21"]
[SourceQuality "1"]

1. d4 f5 2. Nc3 Nf6 3. Bg5 d5 4. Bxf6 exf6 5. e3 Be6 6. Bd3 Nc6 7. Qf3 Qd7 8.
a3 g6 9. Nge2 Ne7 10. h3 h5 11. O-O-O Bh6 12. Nf4 Bf7 13. Rhg1 O-O-O 14. Nfe2
Be6 15. Kb1 Kb8 16. Nc1 g5 17. Nb3 g4 18. hxg4 hxg4 19. Qe2 b6 20. Na2 a5 21.
g3 Nc8 22. c4 dxc4 23. Bxc4 Nd6 24. Bxe6 Qxe6 25. d5 Qe5 26. Rd3 Ne4 27. Rgd1
Rd6 28. Nc3 Rhd8 29. Nd4 Nxc3+ 30. Rxc3 Qe4+ 31. Ka1 Re8 32. Qc4 Rd7 33. Nc6+
Kb7 34. Nxa5+ Kc8 35. Qa6+ 1-0

[Event "19. Obert Int. Sant Marti 2017"]
[Site "Barcelona ESP"]
[Date "2017.07.13"]
[Round "1.12"]
[White "Meza Ponce, Jerry"]
[Black "Rizouk, Aimen"]
[Result "1-0"]
[WhiteElo "2116"]
[BlackElo "2472"]
[PlyCount "131"]
[EventDate "2017.07.13"]
[EventType "swiss"]
[EventRounds "9"]
[EventCountry "ESP"]
[SourceTitle "Ajedrez en Madrid"]
[Source "lmi"]
[SourceDate "2017.07.13"]
[SourceVersion "1"]
[SourceVersionDate "2019.06.21"]
[SourceQuality "1"]

1. d4 Nf6 2. Bf4 e6 3. Nf3 c5 4. e3 Qb6 5. Na3 d5 6. Nb5 Na6 7. a4 Be7 8. h3
Ne4 9. c3 O-O 10. Qc2 Bd7 11. Ne5 Be8 12. Bd3 f5 13. O-O Qd8 14. b3 Bf6 15.
Rfd1 Qe7 16. Rac1 Kh8 17. Qe2 Bh4 18. Bxe4 fxe4 19. c4 dxc4 20. dxc5 cxb3 21.
Nd6 Bf6 22. c6 b2 23. Rc2 Bxc6 24. Nxc6 bxc6 25. Nxe4 Rfd8 26. Rb1 Nb4 27. Rc4
Nd3 28. Bg3 Qa3 29. Nxf6 Qa2 30. Qc2 gxf6 31. Bh4 Kg7 32. Rxc6 Rd7 33. Rc3 Rad8
34. Kh2 Qd5 35. Rc4 Qf5 36. Rxb2 Qe5+ 37. Rf4 Nxf4 38. exf4 Qxf4+ 39. Bg3 Qd2
40. Qb3 Qd5 41. Qa3 Rb7 42. Rc2 Qd3 43. Rc3 Qf1 44. Bc7 Rd7 45. Bf4 Rd1 46. Qc5
Qg1+ 47. Kg3 Qe1 48. Rf3 Qb4 49. Qc8 Qe7 50. a5 e5 51. Be3 Qd7 52. Qc5 Rd5 53.
Qc3 Qc7 54. Qe1 Qxa5 55. Qc1 Qc7 56. Bh6+ Kg6 57. Qe3 Rb4 58. Kh2 Qb6 59. Rg3+
Kf7 60. Qf3 Ke6 61. Rg7 Rh4 62. Be3 Qd6 63. g3 e4 64. Qe2 Rdh5 65. Kg2 Rxh3 66.
Qc4+ 1-0

[Event "19. Obert Int. Sant Marti 2017"]
[Site "Barcelona ESP"]
[Date "2017.07.13"]
[Round "1.13"]
[White "Arvola, Benjamin"]
[Black "Romero Echeverria, Abigail"]
[Result "1-0"]
[WhiteElo "2469"]
[BlackElo "2109"]
[PlyCount "97"]
[EventDate "2017.07.13"]
[EventType "swiss"]
[EventRounds "9"]
[EventCountry "ESP"]
[SourceTitle "Ajedrez en Madrid"]
[Source "lmi"]
[SourceDate "2017.07.13"]
[SourceVersion "1"]
[SourceVersionDate "2019.06.21"]
[SourceQuality "1"]

1. d4 Nf6 2. c4 d6 3. Nc3 Nbd7 4. Nf3 e5 5. g3 Be7 6. Bg2 O-O 7. O-O h6 8. h3
a5 9. e4 Re8 10. Be3 Bf8 11. d5 g6 12. Ne1 Bg7 13. Nd3 b6 14. Qd2 Kh7 15. a3
Ba6 16. b3 a4 17. Nxa4 Bxc4 18. Nab2 Bxd3 19. Qxd3 Nc5 20. Qc2 Qd7 21. Rfc1 Ra7
22. b4 Ncxe4 23. Bxe4 Nxe4 24. Qxe4 Qxh3 25. Rc4 f5 26. Qg2 Qxg2+ 27. Kxg2 g5
28. Rac1 Re7 29. a4 f4 30. gxf4 gxf4 31. Bd2 Bf6 32. Nd1 Rg7+ 33. Kf1 h5 34.
Nc3 h4 35. Ne4 Bd8 36. a5 bxa5 37. bxa5 Rg6 38. Ke2 Kg7 39. Kf3 Kf7 40. Rc6 Ke8
41. a6 Rg7 42. Nc3 h3 43. Rh1 Rh7 44. Nb5 Ra8 45. Ba5 Rh5 46. Ke4 Rb8 47. a7
Ra8 48. Bxc7 Rh7 49. Nxd6+ 1-0

[Event "19. Obert Int. Sant Marti 2017"]
[Site "Barcelona ESP"]
[Date "2017.07.13"]
[Round "1.14"]
[White "Busquets, Luis"]
[Black "Zubritskiy, Artyom"]
[Result "0-1"]
[WhiteElo "2106"]
[BlackElo "2442"]
[PlyCount "60"]
[EventDate "2017.07.13"]
[EventType "swiss"]
[EventRounds "9"]
[EventCountry "ESP"]
[SourceTitle "Ajedrez en Madrid"]
[Source "lmi"]
[SourceDate "2017.07.13"]
[SourceVersion "1"]
[SourceVersionDate "2019.06.21"]
[SourceQuality "1"]

1. e4 c5 2. Nf3 d6 3. d4 cxd4 4. Nxd4 Nf6 5. Nc3 a6 6. Bg5 Nbd7 7. f3 e6 8. Qd2
Be7 9. Be2 Qc7 10. O-O b5 11. a4 b4 12. Na2 Rb8 13. Kh1 h6 14. Be3 d5 15. c3
bxc3 16. Nxc3 e5 17. Nf5 d4 18. Nxg7+ Kd8 19. Bxh6 dxc3 20. bxc3 Bf8 21. Nf5
Bxh6 22. Nxh6 Ke8 23. Nf5 Nc5 24. Qg5 Rb6 25. a5 Rc6 26. Rfd1 Bxf5 27. exf5 Kf8
28. g4 e4 29. f4 Ne8 30. Bc4 Rch6 0-1

[Event "19. Obert Int. Sant Marti 2017"]
[Site "Barcelona ESP"]
[Date "2017.07.13"]
[Round "1.15"]
[White "Salinas Herrera, Pablo"]
[Black "Ruperez, Miguel"]
[Result "1-0"]
[WhiteElo "2438"]
[BlackElo "2103"]
[PlyCount "57"]
[EventDate "2017.07.13"]
[EventType "swiss"]
[EventRounds "9"]
[EventCountry "ESP"]
[SourceTitle "Ajedrez en Madrid"]
[Source "lmi"]
[SourceDate "2017.07.13"]
[SourceVersion "1"]
[SourceVersionDate "2019.06.21"]
[SourceQuality "1"]

1. e4 c5 2. Nf3 e6 3. d4 cxd4 4. Nxd4 a6 5. Be2 Nf6 6. Nc3 d6 7. O-O Be7 8. Be3
O-O 9. a4 Nc6 10. f4 Qc7 11. Kh1 Bd7 12. Nb3 b6 13. Bf3 Rab8 14. g4 Bc8 15. g5
Nd7 16. Bg2 Bb7 17. Rf3 Rfe8 18. Rh3 g6 19. Qg4 Bf8 20. f5 Nde5 21. Qh4 h6 22.
gxh6 Kh7 23. Rf1 Nb4 24. fxg6+ fxg6 25. Qf2 Ba8 26. Nd4 Qd7 27. Nf3 Nbc6 28.
Ng5+ Kh8 29. Qf6+ 1-0

[Event "19. Obert Int. Sant Marti 2017"]
[Site "Barcelona ESP"]
[Date "2017.07.13"]
[Round "1.16"]
[White "Boixader Arbo, Xavier"]
[Black "Hansen, Torbjorn Ringdal"]
[Result "1/2-1/2"]
[WhiteElo "2099"]
[BlackElo "2429"]
[PlyCount "61"]
[EventDate "2017.07.13"]
[EventType "swiss"]
[EventRounds "9"]
[EventCountry "ESP"]
[SourceTitle "Ajedrez en Madrid"]
[Source "lmi"]
[SourceDate "2017.07.13"]
[SourceVersion "1"]
[SourceVersionDate "2019.06.21"]
[SourceQuality "1"]

1. e4 c6 2. d4 d5 3. Nc3 dxe4 4. Nxe4 Nf6 5. Nxf6+ exf6 6. c3 Bd6 7. Bd3 O-O 8.
Ne2 Re8 9. Qc2 h5 10. Be3 Nd7 11. O-O-O Nf8 12. Kb1 Be6 13. c4 Rc8 14. Nc3 b5
15. c5 Be7 16. d5 cxd5 17. Bxb5 Bxc5 18. Bxe8 Qxe8 19. Qd2 Bb4 20. Bd4 Nd7 21.
Ka1 Ne5 22. Qe2 Rc4 23. Bxe5 fxe5 24. Nxd5 Qb5 25. Qxe5 Rc5 26. Ne7+ Kh7 27.
Qe4+ g6 28. Nxg6 Bf5 29. Nf8+ Kg8 30. Qf4 Rc8 31. Qg5+ 1/2-1/2

[Event "19. Obert Int. Sant Marti 2017"]
[Site "Barcelona ESP"]
[Date "2017.07.13"]
[Round "1.17"]
[White "Fernandez, Fernando"]
[Black "Lacasta Palacio, Joaquim"]
[Result "1-0"]
[WhiteElo "2424"]
[BlackElo "2092"]
[PlyCount "51"]
[EventDate "2017.07.13"]
[EventType "swiss"]
[EventRounds "9"]
[EventCountry "ESP"]
[SourceTitle "Ajedrez en Madrid"]
[Source "lmi"]
[SourceDate "2017.07.13"]
[SourceVersion "1"]
[SourceVersionDate "2019.06.21"]
[SourceQuality "1"]

1. e4 e5 2. Nf3 d6 3. d4 Nd7 4. Nc3 c6 5. a4 Be7 6. Bc4 Ngf6 7. O-O O-O 8. h3
Qc7 9. Re1 b6 10. Be3 a6 11. Ba2 Rb8 12. Nh4 b5 13. Nf5 Nb6 14. a5 Na8 15. Qf3
Bxf5 16. exf5 b4 17. dxe5 bxc3 18. exf6 Bxf6 19. bxc3 c5 20. Bf4 Rfd8 21. Bc4
Qc8 22. g4 h6 23. Rad1 Rb2 24. Rxd6 Rxc2 25. Bxf7+ Kxf7 26. Qd5+ 1-0

[Event "19. Obert Int. Sant Marti 2017"]
[Site "Barcelona ESP"]
[Date "2017.07.13"]
[Round "1.18"]
[White "Sanchez Lopez, Juan Manuel"]
[Black "Perez Mitjans, Orelvis"]
[Result "0-1"]
[WhiteElo "2088"]
[BlackElo "2407"]
[PlyCount "76"]
[EventDate "2017.07.13"]
[EventType "swiss"]
[EventRounds "9"]
[EventCountry "ESP"]
[SourceTitle "Ajedrez en Madrid"]
[Source "lmi"]
[SourceDate "2017.07.13"]
[SourceVersion "1"]
[SourceVersionDate "2019.06.21"]
[SourceQuality "1"]

1. c4 Nc6 2. g3 e5 3. Bg2 f5 4. d3 Nf6 5. Nc3 Bb4 6. Bd2 O-O 7. e3 Bxc3 8. Bxc3
d5 9. cxd5 Nxd5 10. Nf3 f4 11. Qb3 fxe3 12. fxe3 Be6 13. O-O-O Nf4 14. Qc2 Nxg2
15. Qxg2 Qd5 16. e4 Qxa2 17. Nxe5 Nxe5 18. Bxe5 a5 19. Rhf1 Bb3 20. Rde1 b5 21.
Kd2 Ba4 22. Rxf8+ Rxf8 23. Rf1 Rd8 24. Qf3 Qe6 25. Bxc7 Rc8 26. Bxa5 Bb3 27.
Bc3 b4 28. Bxb4 Rc2+ 29. Ke1 Rc1+ 30. Ke2 Rc2+ 31. Bd2 Qe8 32. Rc1 Rxb2 33. Qg4
Be6 34. Qg5 h6 35. Qh4 Qf7 36. Ke1 Qf3 37. Qf4 Qh1+ 38. Kf2 Qxc1 0-1

[Event "19. Obert Int. Sant Marti 2017"]
[Site "Barcelona ESP"]
[Date "2017.07.13"]
[Round "1.19"]
[White "Smirnov, Artem"]
[Black "Kyrkjebo, Erlend"]
[Result "1-0"]
[WhiteElo "2401"]
[BlackElo "2085"]
[PlyCount "124"]
[EventDate "2017.07.13"]
[EventType "swiss"]
[EventRounds "9"]
[EventCountry "ESP"]
[SourceTitle "Ajedrez en Madrid"]
[Source "lmi"]
[SourceDate "2017.07.13"]
[SourceVersion "1"]
[SourceVersionDate "2019.06.21"]
[SourceQuality "1"]

1. e4 c5 2. Be2 Nc6 3. f4 e6 4. Nf3 a6 5. a4 g6 6. O-O Nge7 7. c3 d5 8. d3 Bg7
9. Be3 d4 10. Bf2 O-O 11. Nbd2 b6 12. Qb3 Rb8 13. Nc4 b5 14. axb5 axb5 15. Nce5
Nxe5 16. Nxe5 Bxe5 17. fxe5 Nc6 18. Qc2 Bb7 19. Qd2 Kg7 20. Bg3 h6 21. Rf6 Ne7
22. Raf1 Ng8 23. R6f2 dxc3 24. bxc3 Bxe4 25. Qe3 Ba8 26. Qxc5 Rc8 27. Qd6 Ne7
28. Bf4 Nf5 29. Qxd8 Rcxd8 30. g4 Ne7 31. Bc1 Nd5 32. c4 Nc3 33. Ba3 Nxe2+ 34.
Rxe2 Rfe8 35. Bd6 bxc4 36. dxc4 Rd7 37. Ra2 Be4 38. Rf4 Bb7 39. Ra7 Rc8 40. c5
Bc6 41. Rxd7 Bxd7 42. Rb4 Bc6 43. Kf2 g5 44. Rb6 Kg6 45. Ra6 Kg7 46. Ke3 Kg6
47. Ra7 Bd5 48. Kd4 Ra8 49. Rxa8 Bxa8 50. Kc4 Bc6 51. Kb4 f5 52. exf6 Kxf6 53.
Ka5 e5 54. Kb6 Bf3 55. c6 Bxg4 56. c7 h5 57. Kb7 e4 58. Bc5 Bd7 59. c8=Q Bxc8+
60. Kxc8 Kf5 61. Kd7 Kg4 62. Ke6 Kh3 1-0

[Event "19. Obert Int. Sant Marti 2017"]
[Site "Barcelona ESP"]
[Date "2017.07.13"]
[Round "1.20"]
[White "Ventura Bolet, Alexandre"]
[Black "Gonzales, Jayson"]
[Result "1-0"]
[WhiteElo "2080"]
[BlackElo "2399"]
[PlyCount "51"]
[EventDate "2017.07.13"]
[EventType "swiss"]
[EventRounds "9"]
[EventCountry "ESP"]
[SourceTitle "Ajedrez en Madrid"]
[Source "lmi"]
[SourceDate "2017.07.13"]
[SourceVersion "1"]
[SourceVersionDate "2019.06.21"]
[SourceQuality "1"]

1. Nf3 d6 2. d4 Bg4 3. Nc3 e6 4. e4 Nf6 5. Be2 c6 6. O-O d5 7. exd5 Bxf3 8.
Bxf3 cxd5 9. Ne2 Nc6 10. Bg5 Be7 11. Re1 O-O 12. Rc1 b5 13. c3 h6 14. Bh4 g5
15. Bg3 g4 16. Bxg4 Nxg4 17. Nf4 Nf6 18. Bh4 Ne4 19. Bxe7 Qxe7 20. Re3 Qh4 21.
Nd3 Kh7 22. Rh3 Qg5 23. Qc2 Rg8 24. f3 Qe3+ 25. Kh1 Qxd3 26. Qxd3 1-0

[Event "19. Obert Int. Sant Marti 2017"]
[Site "Barcelona ESP"]
[Date "2017.07.13"]
[Round "1.21"]
[White "Oblitas, Carlomagno"]
[Black "Chernikov, Vladimir"]
[Result "1-0"]
[WhiteElo "2395"]
[BlackElo "2079"]
[PlyCount "75"]
[EventDate "2017.07.13"]
[EventType "swiss"]
[EventRounds "9"]
[EventCountry "ESP"]
[SourceTitle "Ajedrez en Madrid"]
[Source "lmi"]
[SourceDate "2017.07.13"]
[SourceVersion "1"]
[SourceVersionDate "2019.06.21"]
[SourceQuality "1"]

1. d4 d5 2. Nf3 Nf6 3. Bf4 c6 4. Nbd2 Bg4 5. c4 e6 6. Qb3 Qb6 7. c5 Qxb3 8.
axb3 Nbd7 9. h3 Bf5 10. e3 Ne4 11. b4 Nxd2 12. Nxd2 f6 13. Nb3 e5 14. Bh2 b6
15. b5 Bc2 16. bxc6 Bxb3 17. Bb5 Nxc5 18. Rxa7 Rc8 19. dxc5 Bxc5 20. Rxg7 Bc4
21. Bxc4 dxc4 22. Ke2 Be7 23. Ra1 Kf8 24. Rg4 b5 25. Ra5 Kf7 26. Rxb5 Rxc6 27.
Rb7 Re8 28. f4 f5 29. Rg5 Kf6 30. g4 fxg4 31. hxg4 exf4 32. Bxf4 Bd6 33. Rbb5
Bxf4 34. Rbf5+ Ke6 35. Rxf4 Rb8 36. Rh5 Rxb2+ 37. Kf3 Rc7 38. Rh6+ 1-0